000
00319nam a2200133Ia 4500
005
20260328104318.0
008
260328s9999||||xx |||||||||||||| ||und||
100
_a
Swimm, Tom
245
0
_a
Acrylic Painting Step by Step /
_c
Tom Swimm
260
_b
Walter Foster
300
_a
64 p.
650
_a
PINTURA
942
_c
BK
999
_c
11254
_d
11254